|
|
|
|
| LEADER |
00000ckm a2200000 a 4500 |
| 001 |
vtls010097445 |
| 003 |
SK-MaSNL |
| 005 |
20260301131257.0 |
| 007 |
kf bo |
| 008 |
200701q1929 xo g kuslo |
| 015 |
|
|
|a SNBG1929
|
| 040 |
|
|
|a SNK
|b slo
|c SNK
|e AACR2
|
| 041 |
0 |
|
|a slo
|
| 043 |
|
|
|a e-xo---
|
| 044 |
|
|
|a xo
|c SK
|
| 072 |
|
7 |
|a 913
|x Regionálna geografia
|2 konspekt
|
| 080 |
|
|
|a 913(437.6)
|2 2011
|
| 080 |
|
|
|a 726:27-523.42
|2 2011
|
| 080 |
|
|
|a 721
|2 2011
|
| 080 |
|
|
|a 711.73
|2 2011
|
| 080 |
|
|
|a (084.121)
|2 2011
|
| 245 |
0 |
0 |
|a Helpa
|h grafika
|b Slovensko, ž. XVIII.
|
| 260 |
|
|
|a Helpa
|b fy. Julius Löwy, obchodnik
|c [1929?]
|
| 300 |
|
|
|a 1 pohľadnica (5 čiastkových pohľadov)
|b čiernobiela
|c 10 x 14 cm
|
| 500 |
|
|
|a Názvové údaje prevzaté z obrazovej časti dokumentu
|
| 520 |
8 |
|
|a Zobrazenie: Na bielom podklade,v v bieločiernom orámovaní jeden pohľad na dva domy, dva pohľady na ulice, po oboch stranách lemované domami, a dva pohľady z diaľky na obec s kostolom. Jednotlivé pohľady sú prepojené kresbou
|
| 610 |
2 |
7 |
|a Kostol Nanebovzatia Panny Márie (Heľpa, Slovensko)
|2 SNKKA
|9 480299
|
| 650 |
0 |
7 |
|a kultúrne pamiatky
|2 SNKPH
|9 2862
|
| 650 |
0 |
7 |
|a kostoly
|2 SNKPH
|9 3023
|
| 650 |
0 |
7 |
|a budovy
|2 SNKPH
|9 1283
|
| 650 |
0 |
7 |
|a ulice
|2 SNKPH
|9 2938
|
| 651 |
|
7 |
|a Heľpa (Slovensko)
|2 SNKPHgeo
|9 58451
|
| 655 |
|
7 |
|a miestne pohľadnice
|2 SNKPH
|9 70510
|
| 655 |
|
7 |
|a pohľadnice kultúrnych pamiatok
|2 SNKPH
|9 70523
|
| 752 |
|
|
|a Slovensko
|d Heľpa
|
| 958 |
|
|
|a GBN
|
| 958 |
|
|
|a GC
|
| 958 |
|
|
|a OND
|
| 999 |
|
|
|c 747446
|d 749376
|
| 952 |
|
|
|a SNK
|b SNK
|y PREZ
|7 0
|p 17A0656627
|o snkSP 11210
|z Pohľadnica prešla poštou.
|0 0
|1 0
|4 0
|d 2010-05-20
|f 1
|l 0
|r 2026-02-23 23:20:48
|w 2026-02-23
|